[Event "Lichtenberger Sommer"]
[Site "Berlin"]
[Date "2009.08.22"]
[Round "8.68"]
[White "Bergmann, Jens"]
[Black "Engelhardt, Erhard"]
[Result "1-0"]
[WhiteElo "1824"]
[BlackElo "1818"]
[PlyCount "57"]
[EventDate "2009.??.??"]
[WhiteTeam "SK Tempelhof 1931 e.V."]
[BlackTeam "SSV Rotation Berlin e.V."]

1. e4 d5 2. e5 c5 3. d4 cxd4 4. Qxd4 Nc6 5. Qf4 g6 6. Nf3 Qc7 7. Bb5 Bg7 8. Nc3
e6 9. Be3 Nge7 10. Bc5 a6 11. Bd6 Qd7 12. Bd3 O-O 13. Ba3 f6 14. exf6 Bxf6 15.
Qd2 Rf7 16. h4 e5 17. O-O-O Qc7 18. Ng5 Bxg5 19. hxg5 Bf5 20. Bxf5 Nxf5 21.
Nxd5 Qd8 22. f4 Kh8 23. fxe5 Nxe5 24. Qf4 Nc6 25. g4 Qa5 26. gxf5 Rxf5 27. Qh4
Rf7 28. Nf6 Rd8 29. Qxh7+ 1-0

[Event "Lichtenberger Sommer"]
[Site "Berlin"]
[Date "2009.08.22"]
[Round "8.69"]
[White "Lieder, Günter"]
[Black "Sivakumaran, Ramesh"]
[Result "1-0"]
[WhiteElo "1873"]
[BlackElo "1466"]
[PlyCount "45"]
[EventDate "2009.??.??"]
[WhiteTeam "SK Turm Bad Hersfeld"]
[BlackTeam "SV Empor Berlin e.V."]

1. e4 c6 2. Nf3 d5 3. exd5 cxd5 4. d4 Nf6 5. Bd3 Bg4 6. O-O e6 7. Re1 Bd6 8. h3
Bh5 9. Bg5 Nbd7 10. c3 Bg6 11. Bxg6 hxg6 12. Nbd2 Qc7 13. Rc1 Bf4 14. c4 Bxg5
15. cxd5 Qf4 16. dxe6 fxe6 17. Rxe6+ Kf8 18. Qb3 b6 19. Qb4+ Kf7 20. Rce1 Rae8
21. Qc4 Rxe6 22. Qxe6+ Kf8 23. Nc4 1-0

[Event "Lichtenberger Sommer"]
[Site "Berlin"]
[Date "2009.08.22"]
[Round "8.70"]
[White "Kiesewetter, Peter"]
[Black "Krüger, Stefan"]
[Result "1-0"]
[WhiteElo "1906"]
[BlackElo "1609"]
[PlyCount "73"]
[EventDate "2009.??.??"]
[WhiteTeam "SC Schwarz-Weiß Lichtenrade e.V."]
[BlackTeam "SC Friesen Lichtenberg e.V."]

1. Nf3 d5 2. d4 e6 3. Bf4 c5 4. c3 Nc6 5. e3 Nf6 6. h3 Bd6 7. Bxd6 Qxd6 8. Bd3
O-O 9. O-O b6 10. Nbd2 Bb7 11. Re1 e5 12. dxe5 Nxe5 13. Nxe5 Qxe5 14. Nf3 Qe7
15. Qc2 c4 16. Bf1 b5 17. a3 Ne4 18. Nd4 a6 19. Be2 Bc8 20. Bf3 f5 21. Rad1 Qg5
22. Ne2 Be6 23. Nf4 Bf7 24. Nxd5 Bh5 25. Bxh5 Qxh5 26. Ne7+ Kh8 27. Rd5 Rae8
28. Qxe4 fxe4 29. Rxh5 Rxe7 30. Rd1 Ref7 31. Rd2 g6 32. Re5 Rf5 33. Rxe4 R8f6
34. Re7 h5 35. Rd8+ Rf8 36. Rxf8+ Rxf8 37. Re6 1-0

[Event "Lichtenberger Sommer"]
[Site "Berlin"]
[Date "2009.08.22"]
[Round "8.71"]
[White "Roth, Joachim"]
[Black "Torzinski, Nils"]
[Result "0-1"]
[WhiteElo "1891"]
[BlackElo "1332"]
[PlyCount "76"]
[EventDate "2009.??.??"]
[WhiteTeam "SG Bund"]
[BlackTeam "SC Friesen Lichtenberg e.V."]

1. d4 d5 2. Nf3 Nf6 3. e3 e6 4. Bd3 Bd6 5. O-O O-O 6. Nbd2 Nbd7 7. c3 e5 8. e4
exd4 9. cxd4 dxe4 10. Nxe4 Nxe4 11. Bxe4 Nf6 12. Bc2 Bg4 13. Qd3 Bh5 14. Nh4 g6
15. g3 Bg4 16. Kg2 Qd7 17. Re1 Nd5 18. a3 Qc6 19. Kg1 Bh3 20. Bd2 Be7 21. Rxe7
Nxe7 22. Rc1 Qd6 23. Bf4 Qd7 24. Bb3 c6 25. Nf3 Nd5 26. Bh6 Rfe8 27. Ne5 Qd6
28. g4 f6 29. Qxh3 fxe5 30. Qg3 Qf6 31. h4 exd4 32. Rd1 Re6 33. Rd3 Rae8 34.
Rf3 Re1+ 35. Kg2 Qe5 36. Bf4 Qe7 37. Bd6 Qd7 38. Rd3 R8e4 0-1

[Event "Lichtenberger Sommer"]
[Site "Berlin"]
[Date "2009.08.22"]
[Round "8.72"]
[White "Boeck, Rüdiger"]
[Black "Uckar, Klaudijo"]
[Result "0-1"]
[WhiteElo "1655"]
[BlackElo "1875"]
[PlyCount "104"]
[EventDate "2009.??.??"]
[WhiteTeam "SC Weisse Dame Ulm e.V."]
[BlackTeam "SC Kreuzberg e.V."]

1. e4 c5 2. Nf3 d6 3. d4 cxd4 4. Nxd4 Nf6 5. Nc3 g6 6. Bg5 Bg7 7. Qd2 e6 8. Bh6
O-O 9. Bxg7 Kxg7 10. f4 Qa5 11. Bd3 Nc6 12. Nxc6 bxc6 13. f5 Rb8 14. O-O-O Qb4
15. b3 a5 16. h4 Qd4 17. h5 Ng4 18. hxg6 fxg6 19. Qg5 Qe3+ 20. Qxe3 Nxe3 21.
Rde1 Ng4 22. Rh4 Ne5 23. Reh1 Rh8 24. g4 g5 25. Rh5 h6 26. Be2 Bd7 27. Nd1 Rb4
28. Nf2 c5 29. c4 a4 30. Kc2 Nc6 31. Nd3 axb3+ 32. axb3 Nd4+ 33. Kd2 Rxb3 34.
e5 dxe5 35. Nxc5 Rb2+ 36. Kc3 Rc2+ 37. Kd3 Bc8 38. Bd1 Rc1 39. Ne4 Bb7 40. Kd2
Rxc4 41. Kd3 Rc1 42. Kd2 Ra1 43. Re1 Rha8 44. Nc3 Rd8 45. Re3 Nxf5+ 46. Rd3
Rxd3+ 47. Kxd3 Nd6 48. Bc2 Rg1 49. Bd1 Rg3+ 50. Kc2 Nc4 51. Kb3 Ne3 52. Be2 Nd5
0-1

[Event "Lichtenberger Sommer"]
[Site "Berlin"]
[Date "2009.08.22"]
[Round "8.73"]
[White "Fuchs, Joerg"]
[Black "Llacer Bosbach, Ana"]
[Result "1-0"]
[WhiteElo "1909"]
[BlackElo "1492"]
[PlyCount "109"]
[EventDate "2009.??.??"]
[WhiteTeam "SC Kreuzberg e.V."]
[BlackTeam "CIM Benimaclet - Valencia"]

1. e4 e5 2. Nf3 Nc6 3. Bb5 a6 4. Bxc6 dxc6 5. O-O Bd6 6. d4 exd4 7. Qxd4 f6 8.
Be3 Ne7 9. Nbd2 Ng6 10. Rfd1 Qe7 11. Nc4 Bf4 12. Bxf4 Nxf4 13. Qe3 Ng6 14. Rd2
O-O 15. Nd4 Be6 16. Na5 Rab8 17. f4 Bc8 18. Ndxc6 bxc6 19. Nxc6 Qf7 20. Nxb8
Re8 21. Rad1 Bg4 22. Nxa6 Bxd1 23. Rxd1 Qxa2 24. Nxc7 Rc8 25. f5 Ne5 26. Qb6
Qc4 27. Nd5 Re8 28. Qb3 Qxb3 29. cxb3 h6 30. Kf1 Rb8 31. b4 Nc6 32. Rd2 Nxb4
33. Nxb4 Rxb4 34. Re2 Kf7 35. Kf2 g6 36. fxg6+ Kxg6 37. Kf3 Rb5 38. g4 h5 39.
gxh5+ Rxh5 40. Rg2+ Kf7 41. b4 Rb5 42. Rb2 Kg6 43. Ke3 Kg5 44. Kd4 Kf4 45. Kc4
Re5 46. b5 Rxe4+ 47. Kd5 f5 48. b6 Re8 49. b7 Rb8 50. Kc6 Ke3 51. Kc7 Rh8 52.
b8=Q Rxb8 53. Rxb8 f4 54. h4 f3 55. Rf8 1-0

[Event "Lichtenberger Sommer"]
[Site "Berlin"]
[Date "2009.08.22"]
[Round "8.74"]
[White "Schild, Reinhard"]
[Black "Herrmann, Eberhard"]
[Result "0-1"]
[WhiteElo "1593"]
[BlackElo "1827"]
[PlyCount "72"]
[EventDate "2009.??.??"]
[WhiteTeam "SG Weißensee 49 e.V."]
[BlackTeam "SC Friesen Lichtenberg e.V."]

1. e4 e5 2. Nf3 Nc6 3. Bb5 a6 4. Ba4 Nf6 5. Qe2 b5 6. Bb3 Bc5 7. c3 h6 8. O-O
O-O 9. d3 d6 10. h3 Ne7 11. Rd1 Ba7 12. a4 Bb7 13. axb5 axb5 14. Na3 Ng6 15.
Bd2 Qd7 16. c4 c6 17. Rdc1 Nh5 18. Nh4 Nhf4 19. Bxf4 Nxf4 20. Qf3 Bd4 21. Ra2
g6 22. cxb5 cxb5 23. Nc2 Rxa2 24. Bxa2 Bxb2 25. Rb1 Bc3 26. d4 Ba5 27. dxe5
dxe5 28. Rd1 Qe7 29. g3 Nxh3+ 30. Kh2 Ng5 31. Qe2 Bxe4 32. Qxb5 Bxc2 33. Rd7
Qf6 34. f4 Bc3 35. Qb7 exf4 36. Bd5 fxg3+ 0-1

[Event "Lichtenberger Sommer"]
[Site "Berlin"]
[Date "2009.08.22"]
[Round "8.75"]
[White "Wendland, Frank"]
[Black "Junge, Wolfgang"]
[Result "1-0"]
[WhiteElo "1756"]
[BlackElo "1835"]
[PlyCount "54"]
[EventDate "2009.??.??"]
[WhiteTeam "Treptower SV 1949 e.V."]
[BlackTeam "SC Friesen Lichtenberg e.V."]

1. e4 e5 2. Nf3 Nf6 3. d4 exd4 4. Bc4 Nxe4 5. Qxd4 Nd6 6. O-O f6 7. Re1+ Be7 8.
Qg4 Kf8 9. Bd3 Nc6 10. Nc3 Nf7 11. Nd5 Nfe5 12. Nxe5 Nxe5 13. Qe4 Nxd3 14. cxd3
Bd6 15. Bd2 c6 16. Bb4 Bxb4 17. Qxb4+ d6 18. Ne7 Qd7 19. Re4 Kf7 20. Rae1 Re8
21. Nf5 Rxe4 22. dxe4 c5 23. Qd2 d5 24. Rd1 d4 25. Qf4 Qe6 26. Qc7+ Kg6 27.
Qxg7+ Kh5 1-0

[Event "Lichtenberger Sommer"]
[Site "Berlin"]
[Date "2009.08.22"]
[Round "8.76"]
[White "Schmalzried, Volker"]
[Black "Sotter-Klundt, Gerlinde"]
[Result "0-1"]
[WhiteElo "1875"]
[BlackElo "1839"]
[PlyCount "106"]
[EventDate "2009.??.??"]
[WhiteTeam "Umweltbundesamt"]
[BlackTeam "SC S.-W. Schweinheim"]

1. c4 c5 2. Nc3 Nc6 3. Nf3 d6 4. g3 Nf6 5. Bg2 g6 6. O-O Bg7 7. d4 cxd4 8. Nxd4
Bd7 9. Rb1 O-O 10. Nxc6 Bxc6 11. Nd5 e6 12. Nxf6+ Bxf6 13. Bxc6 bxc6 14. Qa4
Qc7 15. b4 a6 16. e4 Rfd8 17. Bf4 Qb7 18. c5 Be7 19. Rfc1 d5 20. exd5 Rxd5 21.
a3 Rad8 22. Rd1 Rxd1+ 23. Rxd1 Rd5 24. Qc2 Bf6 25. Bh6 Qd7 26. Rxd5 exd5 27.
Qd3 Qb7 28. Qf3 Qe7 29. Qf4 Qe5 30. Qg4 Qe6 31. Qf4 Qe1+ 32. Kg2 Qe4+ 33. Qxe4
dxe4 34. Bd2 Bd4 35. a4 f5 36. b5 cxb5 37. axb5 axb5 38. c6 Bb6 39. Bf4 b4 40.
c7 Bxc7 41. Bxc7 Kf7 42. Be5 Ke6 43. Bh8 Kd5 44. h3 Kc4 45. g4 f4 46. Be5 b3
47. Kf1 Kd3 48. h4 Kc2 49. f3 e3 50. Bxf4 b2 51. Bxe3 b1=Q+ 52. Kg2 Kd3 53. Bg5
Qe1 0-1

[Event "Lichtenberger Sommer"]
[Site "Berlin"]
[Date "2009.08.22"]
[Round "8.78"]
[White "Hesselbarth, Karlheinz"]
[Black "Glöß, Henrik"]
[Result "1-0"]
[WhiteElo "1864"]
[BlackElo "1533"]
[PlyCount "65"]
[EventDate "2009.??.??"]
[WhiteTeam "SC Zugzwang 95 e.V."]
[BlackTeam "Sfr.Nord-Ost Berlin"]

1. d4 Nf6 2. c4 g6 3. Nc3 d5 4. Bg5 Ne4 5. Bh4 Nxc3 6. bxc3 Bg7 7. e3 c5 8.
cxd5 Qxd5 9. Qf3 Qxf3 10. Nxf3 Nc6 11. Be2 O-O 12. O-O a6 13. Rab1 Re8 14. Rfc1
cxd4 15. cxd4 e6 16. Nd2 Ne7 17. Bg3 b5 18. Ne4 Nf5 19. Bc7 Ra7 20. a4 Bd7 21.
Bb6 Rb7 22. a5 Reb8 23. Nc5 Ne7 24. Nxb7 Rxb7 25. Rc7 Rxc7 26. Bxc7 Nd5 27. Bb6
Nc3 28. Re1 Bf8 29. Bf3 Bc8 30. Bc5 Bg7 31. Rc1 Nd5 32. Bxd5 exd5 33. Bd6 1-0

[Event "Lichtenberger Sommer"]
[Site "Berlin"]
[Date "2009.08.22"]
[Round "8.79"]
[White "Schweitzer, Paul"]
[Black "Knaak, Hans"]
[Result "0-1"]
[WhiteElo "1661"]
[BlackElo "1753"]
[PlyCount "104"]
[EventDate "2009.??.??"]
[WhiteTeam "SV Königsjäger Süd-West e.V."]
[BlackTeam "Forster Schachclub 95"]

1. Nf3 Nf6 2. b3 e6 3. Bb2 Be7 4. e4 d6 5. Nc3 O-O 6. e5 dxe5 7. Nxe5 c5 8. Bd3
Qa5 9. f4 Nbd7 10. O-O g6 11. Rf3 Nxe5 12. fxe5 Ng4 13. Ne4 c4 14. Bc3 Qb6+ 15.
Kh1 cxd3 16. cxd3 Bd7 17. a4 Bc6 18. a5 Qb5 19. Nf6+ Bxf6 20. Rxf6 Nxe5 21. d4
Nd7 22. Rf2 Qg5 23. a6 b6 24. d3 Bd5 25. b4 Rac8 26. Bd2 Qe7 27. Qg4 Nf6 28.
Qg5 Bxg2+ 29. Kxg2 Nd5 30. Qh6 f5 31. Re1 Nf6 32. h3 Rcd8 33. Rfe2 Rfe8 34. Bg5
Rd6 35. Bf4 Rxd4 36. Rc2 Rxd3 37. Rc7 Rd7 38. Rec1 Nd5 39. Rc8 Nxf4+ 40. Qxf4
e5 41. Qc4+ Kg7 42. Rc7 Kf8 43. h4 Rxc7 44. Qxc7 Qxc7 45. Rxc7 Re7 46. Rc8+ Kf7
47. b5 e4 48. Kf1 Kf6 49. Rb8 e3 50. Ke2 f4 51. Rc8 f3+ 52. Kxf3 e2 0-1

[Event "Lichtenberger Sommer"]
[Site "Berlin"]
[Date "2009.08.22"]
[Round "8.80"]
[White "Schlittermann, Wolfgang"]
[Black "Küchler, Felix"]
[Result "0-1"]
[WhiteElo "1644"]
[BlackElo "1714"]
[PlyCount "108"]
[EventDate "2009.??.??"]
[WhiteTeam "SK Gillette"]
[BlackTeam "SC Friesen Lichtenberg e.V."]

1. Nf3 Nf6 2. c4 d5 3. e3 Nc6 4. cxd5 Nxd5 5. a3 e5 6. Bb5 Bg4 7. b3 Bxf3 8.
Qxf3 Qd7 9. O-O Be7 10. Bc4 Nf6 11. Nc3 O-O 12. d3 Rab8 13. b4 a6 14. Rd1 Rfd8
15. Bb2 Qe8 16. Nd5 Qd7 17. Nxe7+ Qxe7 18. Rac1 Rd6 19. Bb3 Na7 20. Qg3 Re8 21.
Rc5 Nc6 22. Ba4 Nd7 23. Bxc6 Nxc5 24. Bxe8 Nxd3 25. Bxf7+ Kxf7 26. Ba1 Kg8 27.
Qg4 e4 28. Qc8+ Qd8 29. Qxd8+ Rxd8 30. f3 exf3 31. gxf3 Rd7 32. Kf1 c5 33. bxc5
Nxc5 34. Rxd7 Nxd7 35. Bd4 g6 36. Ke2 Kf7 37. Kd3 Ke6 38. Ke4 b5 39. Kf4 Kd5
40. Kg5 Ne5 41. Kf4 Nd3+ 42. Kg3 a5 43. Bg7 b4 44. axb4 axb4 45. Kg4 b3 46. Kg5
Ne5 47. f4 b2 48. Bxe5 b1=Q 49. h4 Qg1+ 50. Kh6 Qxe3 51. Kxh7 Qg3 52. Kh6 Ke6
53. Kg7 Qxh4 54. Kxg6 Qg4+ 0-1

[Event "Lichtenberger Sommer"]
[Site "Berlin"]
[Date "2009.08.22"]
[Round "8.81"]
[White "Schönemann, Manfred"]
[Black "Hübner, Alan-Ari"]
[Result "1-0"]
[WhiteElo "1820"]
[BlackElo "1145"]
[PlyCount "145"]
[EventDate "2009.??.??"]
[WhiteTeam "SV Turbine Berlin e.V."]
[BlackTeam "KSC Strausberg Abt. Schach"]

1. d4 d5 2. c4 c6 3. e3 Nf6 4. Nf3 Bf5 5. Nc3 Nbd7 6. Nh4 Bg6 7. Nxg6 hxg6 8.
Qb3 Qb6 9. Qc2 e5 10. dxe5 Nxe5 11. cxd5 cxd5 12. Bb5+ Nc6 13. O-O Bb4 14. Nxd5
Nxd5 15. Qe4+ Kf8 16. Qxd5 Rd8 17. Qc4 Bd6 18. h3 a6 19. Bxc6 bxc6 20. b3 Be5
21. Rb1 Qb5 22. Ba3+ Kg8 23. Rfc1 Bd6 24. Bb2 Qxc4 25. Rxc4 Rc8 26. Rd1 Be7 27.
Rd7 Kf8 28. Bxg7+ Kxg7 29. Rxe7 Rhd8 30. Rf4 Rf8 31. Ra7 Ra8 32. Rb7 Rab8 33.
Ra7 Ra8 34. Rfxf7+ Rxf7 35. Rxa8 Rd7 36. Rxa6 Rd1+ 37. Kh2 Rd2 38. Kg3 Rc2 39.
b4 Rc4 40. a3 Kf7 41. h4 Kg7 42. f4 Rc3 43. Kf3 Kh6 44. g4 Rc4 45. Ra5 Rc1 46.
Rc5 Rf1+ 47. Ke4 Ra1 48. Rxc6 Rxa3 49. h5 Ra4 50. Rxg6+ Kh7 51. Rb6 Ra1 52. Kf5
Rh1 53. e4 Rc1 54. g5 Rc4 55. Rb7+ Kg8 56. e5 Rc6 57. e6 Kf8 58. Kf6 Rc8 59. h6
Kg8 60. b5 Kh8 61. e7 Kg8 62. Rd7 Re8 63. Rd8 Kh7 64. g6+ Kxh6 65. Rxe8 Kh5 66.
Rh8+ Kg4 67. e8=Q Kxf4 68. Rh4+ Kg3 69. Qe4 Kf2 70. Rf4+ Kg3 71. Qf3+ Kh2 72.
Rh4+ Kg1 73. Rh1# 1-0

[Event "Lichtenberger Sommer"]
[Site "Berlin"]
[Date "2009.08.22"]
[Round "8.82"]
[White "Paris, Gerhard"]
[Black "Samarian, Cornel"]
[Result "1-0"]
[WhiteElo "1671"]
[BlackElo "1811"]
[PlyCount "47"]
[EventDate "2009.??.??"]
[WhiteTeam "TSG Oberschöneweide e.V."]
[BlackTeam "SC Pegasus Lohkirchen"]

1. e4 d5 2. e5 d4 3. Bc4 e6 4. c3 dxc3 5. bxc3 Ne7 6. Ba3 g6 7. d4 Nd5 8. Bxf8
Rxf8 9. Ne2 Nd7 10. Nd2 f5 11. Bxd5 exd5 12. Nf4 Nb6 13. O-O Qe7 14. Re1 Be6
15. a4 Kf7 16. a5 Nc4 17. Nxc4 dxc4 18. d5 Bc8 19. d6 cxd6 20. exd6 Qd8 21.
Re7+ Kg8 22. Qd5+ Kh8 23. Rae1 Bd7 24. Qe5+ 1-0

[Event "Lichtenberger Sommer"]
[Site "Berlin"]
[Date "2009.08.22"]
[Round "8.83"]
[White "Kasper, Peter"]
[Black "Lischeid, Kilian"]
[Result "1-0"]
[WhiteElo "1583"]
[BlackElo "879"]
[PlyCount "79"]
[EventDate "2009.??.??"]
[WhiteTeam "SG Eckturm"]
[BlackTeam "SC Friesen Lichtenberg e.V."]

1. b4 e5 2. Bb2 e4 3. e3 Nf6 4. a3 d5 5. c4 c6 6. Qc2 Qc7 7. cxd5 Nxd5 8. Qxe4+
Be6 9. Nf3 Nd7 10. Ng5 Qd6 11. Nxe6 Qxe6 12. Qxe6+ fxe6 13. Be2 O-O-O 14. Bd3
Re8 15. O-O Rg8 16. Nc3 Ne5 17. Be2 Bd6 18. f4 Ng6 19. Bh5 Ref8 20. Bxg6 hxg6
21. Rf3 Nxc3 22. Bxc3 Re8 23. Rg3 Kd7 24. Rxg6 e5 25. g3 exf4 26. gxf4 Re7 27.
Rf1 b6 28. Rf2 c5 29. bxc5 Bxc5 30. Bb2 Re6 31. f5 Rxg6+ 32. fxg6 Ke6 33. a4
Bb4 34. Kf1 Kd5 35. d3 Re8 36. e4+ Kc6 37. Bxg7 Rg8 38. Rf7 Bd6 39. h4 Bg3 40.
h5 1-0

[Event "Lichtenberger Sommer"]
[Site "Berlin"]
[Date "2009.08.22"]
[Round "8.84"]
[White "Maslov, Maxim"]
[Black "Gabriel, Liem Thanh"]
[Result "0-1"]
[WhiteElo "1412"]
[BlackElo "1790"]
[PlyCount "70"]
[EventDate "2009.??.??"]
[WhiteTeam "vereinslos"]
[BlackTeam "Treptower SV 1949 e.V."]

1. e4 e6 2. d4 d5 3. Nd2 Nf6 4. e5 Nfd7 5. f4 c5 6. c3 Nc6 7. Ngf3 Qb6 8. Nb3
f6 9. exf6 Nxf6 10. dxc5 Bxc5 11. Nxc5 Qxc5 12. Qe2 O-O 13. Be3 Qe7 14. Qd2 Ne4
15. Qd3 b6 16. Be2 Bb7 17. O-O Rad8 18. Rad1 Na5 19. Ne5 Nc6 20. Nxc6 Bxc6 21.
Bd4 Nd6 22. b3 Nf5 23. Be5 Qc5+ 24. Bd4 Nxd4 25. Qxd4 Qd6 26. g3 Rfe8 27. Bf3
e5 28. fxe5 Rxe5 29. Rfe1 Rxe1+ 30. Rxe1 Qa3 31. Qd2 Qc5+ 32. Kg2 d4 33. Bxc6
Qxc6+ 34. Kf2 Rf8+ 35. Ke2 Qf3# 0-1

[Event "Lichtenberger Sommer"]
[Site "Berlin"]
[Date "2009.08.22"]
[Round "8.85"]
[White "Geldner, Gerrit"]
[Black "Dietzel, Uwe"]
[Result "1/2-1/2"]
[WhiteElo "1091"]
[BlackElo "1739"]
[PlyCount "25"]
[EventDate "2009.??.??"]
[WhiteTeam "SC Friesen Lichtenberg e.V."]
[BlackTeam "TSV Lichtentanne SAbt"]

1. e4 b6 2. d4 Bb7 3. Nc3 e6 4. a3 d6 5. Nf3 Be7 6. Bd3 Nd7 7. O-O Ngf6 8. Bf4
a6 9. e5 dxe5 10. dxe5 Nd5 11. Nxd5 Bxd5 12. Qe2 Nc5 13. Bc4 1/2-1/2

[Event "Lichtenberger Sommer"]
[Site "Berlin"]
[Date "2009.08.22"]
[Round "8.86"]
[White "Gestrich, Wolfgang"]
[Black "Metin, Altug"]
[Result "0-1"]
[WhiteElo "1723"]
[BlackElo "1600"]
[PlyCount "64"]
[EventDate "2009.??.??"]
[WhiteTeam "Potsdamer SV Mitte e.V."]
[BlackTeam "vereinslos"]

1. c4 Nf6 2. Nc3 c6 3. g3 d5 4. cxd5 cxd5 5. d4 Nc6 6. Bg2 Bf5 7. a3 e6 8. e3
Be7 9. Nge2 O-O 10. O-O Qb6 11. b4 Rfc8 12. Qd2 Rc7 13. h3 h5 14. Kh2 Rac8 15.
f3 Bh7 16. e4 Nxd4 17. Qb2 Nxe2 18. Nxe2 Rc2 19. Qd4 Rxe2 20. Qxb6 axb6 21. Bg5
Rcc2 22. Rg1 dxe4 23. Rac1 exf3 24. Rxc2 Rxc2 25. Rc1 Rxg2+ 26. Kh1 Rc2 27.
Rxc2 Bxc2 28. Kg1 Nd5 29. Bc1 Bd3 30. Kf2 Be2 31. Bb2 h4 32. Bd4 b5 0-1

[Event "Lichtenberger Sommer"]
[Site "Berlin"]
[Date "2009.08.22"]
[Round "8.87"]
[White "Mildenberger, Hans"]
[Black "Winz, Michael"]
[Result "1/2-1/2"]
[WhiteElo "1628"]
[BlackElo "1691"]
[PlyCount "72"]
[EventDate "2009.??.??"]
[WhiteTeam "BVG Helmholtz"]
[BlackTeam "SC Friesen Lichtenberg e.V."]

1. d4 Nf6 2. c4 e6 3. Nc3 d5 4. Nf3 Be7 5. e3 b6 6. Be2 O-O 7. O-O Bb7 8. Bd2
Nbd7 9. Re1 c5 10. cxd5 Nxd5 11. Nxd5 Bxd5 12. Ba6 Nf6 13. Bd3 Be4 14. Qe2 Rc8
15. Bc3 Qd5 16. Ba6 Rcd8 17. Red1 Qh5 18. Ne5 Qxe2 19. Bxe2 Ba8 20. f3 Nd5 21.
e4 Nxc3 22. bxc3 Bg5 23. Kf2 cxd4 24. cxd4 Be7 25. Bb5 Kh8 26. Rac1 Rc8 27. Nc6
Bxc6 28. Bxc6 g6 29. d5 Rfd8 30. f4 Kg7 31. Kf3 exd5 32. exd5 Bd6 33. Rd4 Rc7
34. Re1 Re7 35. Rde4 Rxe4 36. Rxe4 Rc8 1/2-1/2

[Event "Lichtenberger Sommer"]
[Site "Berlin"]
[Date "2009.08.22"]
[Round "8.88"]
[White "Mako, Attila"]
[Black "Stiewe, Frank"]
[Result "1-0"]
[WhiteElo "1756"]
[BlackElo "1372"]
[PlyCount "72"]
[EventDate "2009.??.??"]
[WhiteTeam "BSC Rehberge 1945 e.V."]
[BlackTeam "vereinslos"]

1. d4 d5 2. Bf4 Bf5 3. Nc3 e6 4. a3 a6 5. e3 Nf6 6. Bd3 Bxd3 7. cxd3 Bd6 8.
Nge2 Nh5 9. Be5 Nc6 10. g4 Bxe5 11. dxe5 Nxe5 12. gxh5 Nf3+ 13. Kf1 Qf6 14. Ng3
O-O-O 15. Nce2 Qxb2 16. a4 Qb4 17. a5 h6 18. Ra4 Qe7 19. Nc1 Ne5 20. Qc2 g6 21.
Qb2 Nc6 22. Kg2 Qg5 23. h4 Qe7 24. d4 gxh5 25. Nb3 Na7 26. Nc5 Nb5 27. Rb4 c6
28. Qe2 Rdg8 29. Qxh5 f5 30. Kf3 Rg4 31. Nxf5 Rf8 32. Qxg4 Rxf5+ 33. Ke2 Qf8
34. f4 h5 35. Qg6 Qe7 36. Qxe6+ Qxe6 1-0

[Event "Lichtenberger Sommer"]
[Site "Berlin"]
[Date "2009.08.22"]
[Round "8.89"]
[White "Stadelmann, Bernd"]
[Black "Theilig, Reinhard"]
[Result "1-0"]
[WhiteElo "1409"]
[BlackElo "1559"]
[PlyCount "57"]
[EventDate "2009.??.??"]
[WhiteTeam "SC Freibauer Schöneberg"]
[BlackTeam "SG TT/Wiheil"]

1. d4 d5 2. e4 dxe4 3. Nc3 Nf6 4. f3 exf3 5. Nxf3 g6 6. Bc4 Bg7 7. O-O O-O 8.
Qe1 Nc6 9. Qh4 Bg4 10. Be3 e6 11. h3 Bxf3 12. Rxf3 Nh5 13. Qf2 Bxd4 14. Rxf7
Bxe3 15. Rxf8+ Qxf8 16. Bxe6+ Kg7 17. Qxe3 Re8 18. Rf1 Qe7 19. Re1 Nd8 20. Nd5
Qf8 21. Nxc7 Re7 22. Rf1 Nf6 23. Qe5 Nc6 24. Qf4 Nd8 25. Bb3 Re4 26. Qf3 Qc5+
27. Kh1 Qe5 28. Nd5 Nxd5 29. Qf8# 1-0

[Event "Lichtenberger Sommer"]
[Site "Berlin"]
[Date "2009.08.22"]
[Round "8.90"]
[White "Möller, Dirk"]
[Black "Bauer, Stefan"]
[Result "0-1"]
[WhiteElo "1602"]
[BlackElo "1773"]
[PlyCount "54"]
[EventDate "2009.??.??"]
[WhiteTeam "SC Kreuzberg e.V."]
[BlackTeam "SC Kreuzberg e.V."]

1. e4 c5 2. c3 Nc6 3. Nf3 d6 4. d4 cxd4 5. Nxd4 Nf6 6. f3 a6 7. Bc4 Ne5 8. Bb3
Bd7 9. a4 e6 10. O-O Be7 11. Be3 O-O 12. a5 Rc8 13. Na3 Nc6 14. Qd3 Nxa5 15.
Bc2 e5 16. Nf5 Bxf5 17. exf5 d5 18. g4 e4 19. Qe2 h6 20. b4 Nc4 21. Nxc4 Rxc4
22. fxe4 Nxe4 23. Bd4 Nxc3 24. Qd3 Bf6 25. Rf4 Bxd4+ 26. Rxd4 Qb6 27. Qxc3 Rxc3
0-1

[Event "Lichtenberger Sommer"]
[Site "Berlin"]
[Date "2009.08.22"]
[Round "8.91"]
[White "Stolze, Dirk"]
[Black "Hamar, Dirk"]
[Result "1/2-1/2"]
[WhiteElo "1536"]
[BlackElo "1544"]
[PlyCount "132"]
[EventDate "2009.??.??"]
[WhiteTeam "SK Tempelhof 1931 e.V."]
[BlackTeam "SV Eutin von 1875"]

1. c4 c6 2. d4 d5 3. cxd5 cxd5 4. Nf3 Nf6 5. Nc3 Bf5 6. Bf4 a6 7. e3 Nc6 8. a3
e6 9. Be2 Ne4 10. Nxe4 Bxe4 11. O-O Bd6 12. Bg5 Be7 13. Bxe7 Qxe7 14. h3 O-O
15. Rc1 e5 16. dxe5 Nxe5 17. Nxe5 Qxe5 18. Qb3 b5 19. Rc5 Rac8 20. Rfc1 Rxc5
21. Rxc5 Rd8 22. Rc6 Ra8 23. Qb4 Qg5 24. g3 h5 25. Qd6 Qg6 26. Qc7 Qf5 27. Qf4
Qxh3 28. f3 Bg6 29. Rd6 Qc8 30. Qd4 Qc1+ 31. Kf2 Rc8 32. Qxd5 Rc2 33. Rxg6
Rxe2+ 34. Kxe2 Qc2+ 35. Qd2 Qxg6 36. Kf2 h4 37. gxh4 Qf6 38. h5 Qh4+ 39. Ke2
Qxh5 40. b4 Qh4 41. e4 Qh2+ 42. Ke3 Qh6+ 43. f4 Qh3+ 44. Kd4 Qd7+ 45. Kc3 Qc6+
46. Kd3 Qc4+ 47. Ke3 Qc7 48. e5 Kf8 49. Qd4 Qc1+ 50. Ke4 Qh1+ 51. Kd3 Qf1+ 52.
Kc2 Qe2+ 53. Qd2 Qc4+ 54. Kb2 Qc7 55. Qc3 Qb7 56. Qd2 Ke8 57. Qc2 Qd7 58. Qc3
Qb7 59. Qe3 Qg2+ 60. Kc3 Qc6+ 61. Kd3 Qd5+ 62. Qd4 Qf3+ 63. Qe3 Qd5+ 64. Kc3
Qc6+ 65. Kb2 Qg2+ 66. Kc3 Qc6+ 1/2-1/2

[Event "Lichtenberger Sommer"]
[Site "Berlin"]
[Date "2009.08.22"]
[Round "8.92"]
[White "Völler, Lothar"]
[Black "Oberbacher, Michael"]
[Result "1-0"]
[WhiteElo "1509"]
[BlackElo "1301"]
[PlyCount "120"]
[EventDate "2009.??.??"]
[WhiteTeam "Freier Sportverein von 1898 Dort"]
[BlackTeam "SC Braunschweig Gliesmarode v. 1"]

1. e4 e5 2. Nf3 Nc6 3. Bc4 Nf6 4. d4 exd4 5. e5 Ne4 6. O-O Be7 7. Re1 Ng5 8.
Nxg5 Bxg5 9. Qh5 O-O 10. Qxg5 d5 11. Qxd8 Rxd8 12. Bb5 Nb4 13. Bd3 c5 14. a3
Nc6 15. f4 c4 16. Be2 Bf5 17. Bd1 d3 18. c3 b5 19. Nd2 a5 20. Nf3 d4 21. Bd2
dxc3 22. bxc3 h6 23. Nh4 Bh7 24. Bf3 Ra6 25. Bxc6 Rxc6 26. Nf3 b4 27. axb4 axb4
28. Rec1 b3 29. Rcb1 Rcc8 30. Kf2 Kf8 31. Ra4 Rd7 32. Rb2 Rb7 33. Be3 Be4 34.
Nd2 Bd5 35. g4 Re7 36. Ra5 Rd7 37. h4 Rdd8 38. Bd4 Ra8 39. Rxd5 Rxd5 40. Nxc4
Ra2 41. Ke3 Rb5 42. Kxd3 Ra1 43. Nd2 Ra2 44. c4 Rb7 45. Kc3 Rxb2 46. Kxb2 Ke7
47. Nxb3 g6 48. Kc3 Rb8 49. Bc5+ Kd7 50. Nd4 Rb1 51. f5 Rc1+ 52. Kd3 Re1 53.
fxg6 fxg6 54. e6+ Ke8 55. h5 gxh5 56. gxh5 Re5 57. Bd6 Rxh5 58. c5 Rh3+ 59. Ke4
h5 60. c6 h4 1-0

[Event "Lichtenberger Sommer"]
[Site "Berlin"]
[Date "2009.08.22"]
[Round "8.93"]
[White "Steppan, Siegfried"]
[Black "Jiranek, Benno"]
[Result "1/2-1/2"]
[WhiteElo "1584"]
[BlackElo "1206"]
[PlyCount "96"]
[EventDate "2009.??.??"]
[WhiteTeam "SV Werder/H."]
[BlackTeam "SC Kreuzberg e.V."]

1. d4 Nf6 2. c4 e6 3. Nc3 Bb4 4. Qc2 d5 5. e3 O-O 6. a3 Bxc3+ 7. bxc3 dxc4 8.
Bxc4 b6 9. Ne2 Bb7 10. O-O Be4 11. Bd3 Qd5 12. Bxe4 Nxe4 13. c4 Qf5 14. Qb2 c6
15. f3 Nd6 16. e4 Nxc4 17. exf5 Nxb2 18. Bxb2 exf5 19. Ng3 g6 20. Rfe1 Nd7 21.
Rac1 Rac8 22. Re7 Rfd8 23. Rce1 a6 24. Ne2 Nf6 25. Nf4 Re8 26. Rxe8+ Rxe8 27.
Rxe8+ Nxe8 28. Nd3 Nc7 29. Ne5 c5 30. dxc5 bxc5 31. Nd7 Ne6 32. Nf6+ Kf8 33.
Nxh7+ Ke7 34. h4 Kd6 35. Ng5 Nxg5 36. hxg5 Kd5 37. Kf2 Kc4 38. Ke2 Kb3 39. Bc1
Kc2 40. Be3 c4 41. a4 Kb3 42. a5 Ka4 43. Bb6 Kb3 44. Kd1 Kc3 45. Kc1 Kb3 46. f4
Kc3 47. g3 Kb3 48. Bf2 Kc3 1/2-1/2